LEADER 01541nam a2200277 4500 001 000000341261 003 CaOOAMICUS 005 20200727085521.0 008 200727s1694 it 000 u ita r 026 $au.ie adl' l-e, qut' (3) 1694 (Q) 040 $aSeMil$bita 110 21$aCompagnia di San Giuseppe in S. Giovanni alle Vigne .$0(OLS)http://semarc/name/111811 245 00$aDivoti esercitii della Compagnia di S. Giuseppe, eretta in Lodi nella Chiesa di S. Gio. le Vigne de PP. Barnabiti. Con l'aggionta delle sette gratie per i sette mercoledì, overo per le sette domeniche ad onore del S. Patriarca. ... 264 1$aIn Milano :$bPer Carlo Ant. Malatesta,$c1694. 300 $a72 p. ;$c16° (lungo) 500 $aData di pubblicazione dall'imprimatur 500 $aSegn.: A-C12 650 4$aCongregazioni e confraternite religiose - Sec. 16-18.$0(OLS)http://semarc/subject/45274 700 1 $aMalatesta, Carlo Antonio,$c.$0(OLS)http://semarc/name/40867 752 $aIT$dMilano 850 $aSeMil 852 $aSeMil$W1$xVenegono$y1$m3Z I 16/2 FA$j220002$B232238$CSeMilBibl$Z2$F232238 $8I 941 1 $a10 996 $6245$aDivoti esercitii della Compagnia di S. Giuseppe, eretta in Lodi nella Chiesa di S. Gio. le Vigne de PP. Barnabiti. Con l'aggionta delle sette gratie per i sette mercoledì, overo per le sette domeniche ad onore del S. Patriarca. ...$9(OLS)http://semarc/title/430290 996 $6264$aIn Milano :$bPer Carlo Ant. Malatesta$9(OLS)http://semarc/publisher/59154 LEADER 01169nam a2200277 4500 001 000000344411 003 CaOOAMICUS 005 20210309121253.0 008 210222s it 000 u ita r 040 $aSeMil$bita 100 1 $aMonchanin, Jules,$c.$0(OLS)http://semarc/name/58261 245 10$aDe l'esthétique à la mystique / $cJules Monchanin ; précédé de La loi d'exode par Pierre Emmanuel. 264 1$a[Paris] :$bCasterman,$c1967. 300 $a136 p. ;$c20 cm 501 $aLa loi d'exode / Pierre Emmanuel 541 0 $aFondo mons. Pasquale Macchi (2C II 680) 650 4$aEstetica.$0(OLS)http://semarc/subject/618 650 4$aMistica.$0(OLS)http://semarc/subject/1496 700 1 $aEmmanuel, Pierre,$d<1916-1984>.$0(OLS)http://semarc/name/113099 850 $aSeMil 852 $aSeMil$W1$xVenegono$y1$m2C II 680$j224838$B235424$CSeMilBibl$Z2$F235424 $81 941 1 $a8 961 $aFondo mons. Pasquale Macchi 996 $6245$aDe l'esthétique à la mystique / $9(OLS)http://semarc/title/433506 996 $6264$a[Paris] :$bCasterman$9(OLS)http://semarc/publisher/35716